| 000 | 00508nam a2200205Ia 4500 | ||
|---|---|---|---|
| 008 | 180523s9999 xx 000 0 und d | ||
| 020 | _a81-7919-048-4 | ||
| 050 | _aMAIN HF 5718 | ||
| 050 | _b.S78 2003 | ||
| 100 | _aStorey, Richard. | ||
| 245 | 0 | _aCommunicating persuasively : | |
| 245 | 0 | _bface to face / | |
| 245 | 0 | _cRichard Storey. | |
| 260 | _aNew Delhi : | ||
| 260 | _bInfinity Books, | ||
| 260 | _c2003 | ||
| 300 | _a226 pages : | ||
| 300 | _c22 cm. | ||
| 650 | _aBusiness communication. | ||
| 999 |
_c357224 _d357224 |
||